| 000 | 00495nam a2200169Ia 4500 | ||
|---|---|---|---|
| 999 |
_c1158 _d1158 |
||
| 020 | _a0-948894-06-7 | ||
| 082 | _aRR 423 COR-; | ||
| 100 | _aCorbeil, Jean-Claude | ||
| 245 | 0 | _aFacts on file visual dictionary: look up the word from the picture find the picture from the word | |
| 260 |
_aOxford _bFacts On File _c1988 |
||
| 300 | _a795p. | ||
| 504 | _aReference book | ||
| 650 | _aEnglish language - Dictionaries | ||
| 650 | _aPicture dictionaries | ||
| 700 | _aManser, Martin | ||
| 942 | _cBK | ||